Meiosis /

Bibliographic Details
Other Authors: Moens, Peter B.
Format: Book
Language:English
Published: Orlando : Academic Press, 1987.
Series:Cell biology.
Subjects:

MARC

Tag First Indicator Second Indicator Subfields
LEADER 00000cam a2200000 a 4500
001 in00000014373
005 20151214140831.0
008 860501s1987 flua b 00100 eng
010 |a  86010940  
020 |a 0125033656 (alk. paper) 
035 |a (OCoLC)13582750 
035 |9 AAA6739AM 
040 |a DLC  |c DLC  |d TXA  |d UtOrBLW 
049 |a TXAM 
050 0 0 |a QH605.3  |b .M45 1987 
082 0 |a 574.87/62  |2 19 
245 0 0 |a Meiosis /  |c edited by Peter B. Moens. 
264 1 |a Orlando :  |b Academic Press,  |c 1987. 
300 |a xii, 391 pages :  |b illustrations ;  |c 24 cm. 
336 |a text  |b txt  |2 rdacontent 
337 |a unmediated  |b n  |2 rdamedia 
338 |a volume  |b nc  |2 rdacarrier 
490 1 |a Cell biology 
504 |a Includes bibliographical references and index. 
650 0 |a Meiosis. 
700 1 |a Moens, Peter B. 
830 0 |a Cell biology. 
944 |a stk  |h REPL<9788>REP-LATEST<>REF<rmcgeach>  |m Replacement on order 
999 |a MARS 
999 f f |s 872ac5c1-870e-3f60-ab27-1f4486de1dce  |i 6495ef09-615e-301e-91e6-64783c054847  |t 0 
952 f f |p ric  |a Texas A&M University  |b Rellis Campus  |c Joint Library Facility  |d Remote Storage  |t 0  |e QH605.3 .M45 1987  |h Library of Congress classification  |i unmediated -- volume  |m A14838915139 
998 f f |a QH605.3 .M45 1987  |t 0  |l Remote Storage